[Event "?"]
[Site "?"]
[Date "2011.08.13"]
[Round "3.6"]
[White "Karwatzki, Hans-Jürgen"]
[Black "Bigott, Martin"]
[Result "0-1"]
[WhiteElo "1561"]
[BlackElo "1802"]
[PlyCount "82"]
[EventDate "2011.??.??"]
[WhiteTeam "Vereinigung der Schachsportfreun"]
[BlackTeam "SF Lohmar 1974 e.V."]

1. e4 Nf6 2. e5 Nd5 3. d4 d6 4. f4 dxe5 5. fxe5 Bf5 6. Nf3 e6 7. Bd3 Bg4 8. O-O
Be7 9. c3 O-O 10. Qc2 g6 11. Bh6 Re8 12. Qf2 Bf5 13. Qd2 c5 14. Bb5 Nc6 15. Ng5
cxd4 16. g4 dxc3 17. Nxc3 Qb6+ 18. Kh1 Nxc3 19. gxf5 exf5 20. Qxc3 Qxb5 21.
Rad1 Nxe5 22. Nf3 Bf6 23. Nd4 Qd5+ 24. Nf3 Qc6 25. Qb3 Rad8 26. Rc1 Qe4 27.
Rce1 Qc6 28. Rc1 Qd5 29. Qa3 Nxf3 30. Rxf3 Re2 31. Rcf1 Rxb2 32. Qe3 Rxa2 33.
Rc1 Ra1 34. Rxa1 Bxa1 35. Qa3 Bf6 36. Kg2 a5 37. Kh3 b5 38. Re3 a4 39. Qc1 Qd7
40. Kg2 b4 41. Qc4 b3 0-1

[Event "?"]
[Site "?"]
[Date "2011.08.13"]
[Round "3.7"]
[White "Mladenov, Svetlin"]
[Black "Lantsman, Boris"]
[Result "1-0"]
[WhiteElo "2406"]
[BlackElo "1763"]
[PlyCount "117"]
[EventDate "2011.??.??"]
[WhiteTeam "SV Wattenscheid 1930"]
[BlackTeam "SF Köln-Longerich 195"]

1. e4 e5 2. Nf3 Nc6 3. Bb5 a6 4. Ba4 Nf6 5. O-O Be7 6. Re1 d6 7. c3 Bg4 8. d3
O-O 9. Nbd2 b5 10. Bb3 Na5 11. Bc2 c5 12. h3 Bd7 13. Nf1 h6 14. Ng3 Nh7 15. d4
Qc7 16. Nf5 Bxf5 17. exf5 Bf6 18. dxe5 dxe5 19. Qe2 Rfe8 20. a4 Rab8 21. axb5
axb5 22. Qe4 Nc4 23. Ra6 Rb6 24. Rxb6 Nxb6 25. b3 Rd8 26. h4 Nd5 27. c4 bxc4
28. Qxc4 Nb6 29. Qg4 Kh8 30. Qg3 Re8 31. Bb2 Nd7 32. Bd3 Re7 33. Bc4 Nb6 34.
Nxe5 Nxc4 35. bxc4 Qb6 36. Bc3 Kg8 37. Ra1 Qb7 38. Rd1 Qc7 39. Rd5 Qc8 40. Ng4
Bxc3 41. Qxc3 h5 42. Qd2 Re8 43. Ne3 Nf6 44. Rd3 Kh7 45. Qd1 Qc7 46. Nd5 Nxd5
47. Rxd5 Qf4 48. Rxc5 Qxh4 49. g3 Qg5 50. Kg2 Kg8 51. Qd7 Qd8 52. Qxd8 Rxd8 53.
Rd5 Rc8 54. c5 Kf8 55. Kh3 Rc7 56. Kh4 g6 57. fxg6 fxg6 58. Rd6 Kf7 59. c6 1-0

[Event "?"]
[Site "?"]
[Date "2011.08.13"]
[Round "3.8"]
[White "Tochtenhagen, Wolfgang"]
[Black "Knütter, Helmut"]
[Result "1/2-1/2"]
[WhiteElo "2077"]
[BlackElo "1592"]
[PlyCount "80"]
[EventDate "2011.??.??"]
[WhiteTeam "DJK Aufwärts St. Josef Aachen 19"]
[BlackTeam "SK Sülz-Klettenberg"]

1. e4 e6 2. d4 d5 3. e5 c5 4. c3 Nc6 5. a3 c4 6. Nf3 Bd7 7. Nbd2 f6 8. Be2 fxe5
9. Nxe5 Nxe5 10. dxe5 Qc7 11. Nf3 O-O-O 12. Be3 Bc5 13. Bxc5 Qxc5 14. O-O Ne7
15. Nd4 Nc6 16. f4 Nxd4 17. cxd4 Qb6 18. Rb1 Kb8 19. Qd2 Rc8 20. Rfc1 Be8 21.
Rc3 Bg6 22. Rf1 Bd3 23. Bxd3 Qxd4+ 24. Kh1 cxd3 25. Rxd3 Qa4 26. h3 g6 27. Rd4
Qa6 28. Rf3 Rc7 29. Kh2 Rhc8 30. Qd3 Qxd3 31. Rfxd3 Rc4 32. Rxc4 Rxc4 33. Kg3
Kc7 34. Kg4 h6 35. h4 Kd7 36. g3 Ke7 37. b3 Re4 38. Kf3 h5 39. g4 Re1 40. gxh5
gxh5 1/2-1/2

[Event "?"]
[Site "?"]
[Date "2011.08.13"]
[Round "3.9"]
[White "Evers, Leo"]
[Black "Sherif, Amina"]
[Result "1-0"]
[WhiteElo "2039"]
[BlackElo "1559"]
[PlyCount "95"]
[EventDate "2011.??.??"]
[WhiteTeam "SG Porz e.V."]
[BlackTeam "SG Solingen e.V."]

1. d4 d5 2. c4 c6 3. Nf3 Nf6 4. Nbd2 e6 5. g3 Nbd7 6. Bg2 Bd6 7. b3 O-O 8. Bb2
Re8 9. O-O e5 10. cxd5 Nxd5 11. Nc4 e4 12. Nxd6 exf3 13. Bxf3 Re6 14. Nc4 N7f6
15. Qc2 Nb4 16. Qb1 Re8 17. a3 Nbd5 18. e4 Nb6 19. Qc2 Nxc4 20. bxc4 h6 21.
Rfe1 Bd7 22. Rad1 Rc8 23. Qc3 Nh7 24. h4 Qf6 25. e5 Qe7 26. a4 Qe6 27. Qb4 b6
28. d5 cxd5 29. cxd5 Qe7 30. d6 Qe6 31. Bd5 Qf5 32. Qb3 Be6 33. Bxe6 Qxe6 34.
Qxe6 Rxe6 35. f4 g6 36. Rc1 Rd8 37. Rc7 Nf8 38. Rec1 Ree8 39. Rxa7 Nd7 40. Rcc7
Nc5 41. Rxf7 Ne6 42. Rfb7 Kf8 43. g4 Nc5 44. Rf7+ Kg8 45. Rg7+ Kh8 46. e6 Nxe6
47. Rh7+ Kg8 48. Rh8# 1-0

[Event "?"]
[Site "?"]
[Date "2011.08.13"]
[Round "3.14"]
[White "Hayward, Alan"]
[Black "Vaskovitch, Mark"]
[Result "0-1"]
[WhiteElo "1977"]
[BlackElo "1738"]
[PlyCount "120"]
[EventDate "2011.??.??"]
[BlackTeam "SF Köln-Longerich 195"]

1. d4 Nf6 2. Nc3 e6 3. e4 d5 4. e5 Nfd7 5. Qh5 c5 6. Nf3 Be7 7. Ng5 g6 8. Qh6
Bf8 9. Qh4 Be7 10. Qg3 a6 11. Bd3 cxd4 12. Ne2 Nc6 13. Bf4 Qa5+ 14. Kf1 Nc5 15.
h4 Nxd3 16. cxd3 Qb6 17. b3 h6 18. Nf3 Bd7 19. Kg1 O-O-O 20. Bc1 Kb8 21. Bb2
Rde8 22. Kh2 g5 23. hxg5 hxg5+ 24. Kg1 Rxh1+ 25. Kxh1 Rg8 26. Kg1 Qd8 27. Nfxd4
Ka8 28. Nxc6 Bxc6 29. Nd4 Bd7 30. a4 f5 31. Bc3 g4 32. b4 Bh4 33. Qe3 Bg5 34.
Qe2 Qe8 35. Kf1 Qh5 36. Ke1 Rh8 37. b5 Qe8 38. Qf1 Qb8 39. bxa6 bxa6 40. f4
gxf3 41. Nxf3 Qb3 42. Bd2 Qb2 43. Ke2 Bxd2 44. Rb1 Qc3 45. Nxd2 Qxe5+ 46. Kf3
Qd4 47. Nb3 Qg4+ 48. Ke3 e5 49. d4 f4+ 50. Kd2 Ka7 51. Nc5 Bc8 52. a5 Rh2 53.
Rb6 Rxg2+ 54. Kc3 exd4+ 55. Kxd4 f3+ 56. Kxd5 Qf5+ 57. Kd6 Rd2+ 58. Kc6 Qd5+
59. Kc7 Qd8+ 60. Kc6 Qd6# 0-1

[Event "?"]
[Site "?"]
[Date "2011.08.13"]
[Round "3.18"]
[White "Rahmen, Christian"]
[Black "Schmidt, Kai-Uwe"]
[Result "1/2-1/2"]
[WhiteElo "1572"]
[BlackElo "1927"]
[PlyCount "146"]
[EventDate "2011.??.??"]
[WhiteTeam "SG Porz e.V."]
[BlackTeam "Klub Kölner SF e.V. 1"]

1. Nf3 c5 2. g3 Nc6 3. Bg2 g6 4. O-O Bg7 5. d3 d6 6. Nbd2 e5 7. e4 Nge7 8. c3
O-O 9. Nh4 Be6 10. f4 exf4 11. gxf4 f5 12. Ndf3 Kh8 13. Ng5 Bg8 14. exf5 gxf5
15. Qh5 Rf6 16. Nhf3 Qf8 17. Nd2 Rh6 18. Qe2 Nd5 19. Nc4 Re8 20. Qf3 b5 21. Ne3
Nd4 22. Qf2 Nxe3 23. Bxe3 Nc2 24. Qxc2 Rxe3 25. Rae1 Rxe1 26. Rxe1 Rf6 27. Bc6
d5 28. Bxb5 Qb8 29. Qa4 c4 30. Re5 Rg6 31. Rxf5 Be6 32. Bd7 Bxf5 33. Bxf5 Qb6+
34. Kh1 Qc6 35. Qxa7 Rf6 36. Nf7+ Kg8 37. Ne5 Qa6 38. Qd7 Qd6 39. Qxd6 Rxd6 40.
dxc4 Rf6 41. Bc2 Rxf4 42. Nd3 Re4 43. cxd5 Re2 44. Bb3 Kf8 45. a4 Bh6 46. Bc4
Be3 47. Bb5 Ke7 48. c4 Kd6 49. b4 Rd2 50. Nc5 Bxc5 51. bxc5+ Kxc5 52. Kg1 h5
53. a5 h4 54. h3 Kd4 55. d6 Rb2 56. d7 Ke3 57. Bc6 Rb1+ 58. Kh2 Rb2+ 59. Bg2
Rd2 60. c5 Rxd7 61. c6 Rc7 62. a6 Kd4 63. Kg1 Ke3 64. Kf1 Ra7 65. Bd5 Rxa6 66.
Kg1 Ra1+ 67. Kh2 Rc1 68. Bg2 Rc2 69. Kh1 Kf4 70. Kh2 Ke3 71. Kg1 Rc5 72. Kh1
Kf2 73. Kh2 Rc3 1/2-1/2

[Event "?"]
[Site "?"]
[Date "2011.08.13"]
[Round "3.19"]
[White "Spradley, Julian"]
[Black "Reinartz, Ulrich"]
[Result "1-0"]
[WhiteElo "1918"]
[BlackElo "1668"]
[PlyCount "125"]
[EventDate "2011.??.??"]
[WhiteTeam "SV Erftstadt e.V."]
[BlackTeam "vereinslos"]

1. e4 c5 2. Nc3 e6 3. f4 d5 4. Nf3 dxe4 5. Nxe4 Nf6 6. Nxf6+ Qxf6 7. g3 Nc6 8.
Bg2 Bd6 9. d3 O-O 10. O-O Re8 11. Ng5 h6 12. Ne4 Qd4+ 13. Kh1 Bf8 14. Rb1 Rb8
15. Qe2 Qa4 16. Nc3 Nd4 17. Nxa4 Nxe2 18. Be3 Nd4 19. c3 Nf5 20. Bxc5 Bxc5 21.
Nxc5 b6 22. Nb3 Ne3 23. Rfe1 Nxg2 24. Kxg2 Bb7+ 25. Kf2 Rbd8 26. d4 Bd5 27. Nd2
b5 28. b3 Rc8 29. Rbc1 Rc6 30. c4 Rec8 31. c5 a5 32. Nf1 Ra6 33. Ne3 Bc6 34.
Red1 Rd8 35. Ng4 b4 36. Ne5 Bd5 37. Rd2 a4 38. Nc4 axb3 39. axb3 Rc8 40. Rcc2
Rca8 41. Nb6 Rd8 42. Nxd5 exd5 43. Ra2 Ra3 44. Rxa3 bxa3 45. Ra2 Ra8 46. Ke3
Kf8 47. Kd3 Ke7 48. Kc3 f5 49. b4 g5 50. Kb3 gxf4 51. gxf4 Rg8 52. Kxa3 Rg4 53.
Rf2 h5 54. b5 h4 55. Kb4 Kd7 56. Ka5 Rg8 57. Kb6 Rb8+ 58. Ka5 Ra8+ 59. Kb4 Re8
60. Rg2 Re4 61. c6+ Kc8 62. Rg8+ Kc7 63. Kc5 1-0

[Event "?"]
[Site "?"]
[Date "2011.08.13"]
[Round "3.20"]
[White "Kronseder, Michael"]
[Black "Sharifi Shamili, Ashkan"]
[Result "0-1"]
[WhiteElo "1552"]
[BlackElo "1913"]
[PlyCount "69"]
[EventDate "2011.??.??"]
[WhiteTeam "SV 1925 Hürth-Berrenra"]
[BlackTeam "Düsseldorfer SK 14/25 e."]

1. d4 Nf6 2. Nf3 g6 3. c4 Bg7 4. Nc3 O-O 5. e4 d6 6. Be2 e5 7. O-O Nc6 8. dxe5
Nxe5 9. Nxe5 dxe5 10. Qxd8 Rxd8 11. Bg5 c6 12. f3 h6 13. Be3 b6 14. Rfd1 Be6
15. b4 Bf8 16. a3 Kg7 17. Kf2 Ne8 18. Rxd8 Rxd8 19. Rd1 Rb8 20. g3 Nd6 21. c5
Nc4 22. Bxc4 Bxc4 23. cxb6 axb6 24. f4 exf4 25. Bd4+ Kg8 26. gxf4 b5 27. Nb1
Rd8 28. Ke3 c5 29. bxc5 Bxc5 30. Nc3 Bxa3 31. Rb1 Rb8 32. e5 Be7 33. f5 Bg5+
34. Ke4 gxf5+ 35. Kxf5 0-1

[Event "?"]
[Site "?"]
[Date "2011.08.13"]
[Round "3.22"]
[White "Sewald, Jörg"]
[Black "Voigt, Ingrid"]
[Result "0-1"]
[WhiteElo "1525"]
[BlackElo "1906"]
[PlyCount "96"]
[EventDate "2011.??.??"]
[WhiteTeam "SF Esch e.V."]
[BlackTeam "SVigung Düren 13 Deric"]

1. Nf3 e6 2. d3 d5 3. g3 b6 4. Bg2 Bb7 5. O-O Nf6 6. Nbd2 c5 7. c3 Bd6 8. Re1
Nbd7 9. e4 Qc7 10. exd5 Bxd5 11. d4 O-O 12. Nb3 Rad8 13. Nh4 cxd4 14. Bxd5 Nxd5
15. Nxd4 Be7 16. Ng2 Nc5 17. Qe2 Bf6 18. Nf4 Rfe8 19. Nxd5 Rxd5 20. Be3 Red8
21. Red1 Qd7 22. f4 Qe8 23. Nb3 Be7 24. Rxd5 Rxd5 25. Bd4 h6 26. Qg4 Bf8 27.
Qf3 Qa4 28. Qd1 Be7 29. Qf1 Nxb3 30. axb3 Qxb3 31. Rxa7 Bc5 32. Ra8+ Kh7 33.
Qb1+ f5 34. Ra1 Bxd4+ 35. cxd4 Rxd4 36. Qe1 Qd5 37. Qe5 Qxe5 38. fxe5 Rd2 39.
Rb1 Re2 40. b4 Kg6 41. h4 Rxe5 42. Kf2 Re4 43. Kf3 Kf6 44. b5 Ra4 45. Rb3 g5
46. hxg5+ hxg5 47. Ke3 Ke5 48. Kd3 Kd5 0-1

[Event "?"]
[Site "?"]
[Date "2011.08.13"]
[Round "3.23"]
[White "Dickmann, Thomas"]
[Black "Grasse, Herbert"]
[Result "1-0"]
[WhiteElo "1906"]
[BlackElo "1632"]
[PlyCount "121"]
[EventDate "2011.??.??"]
[WhiteTeam "SV Wesel 1928 e.V."]
[BlackTeam "SV Kamen 1930"]

1. c4 f5 2. g3 Nf6 3. Bg2 c6 4. Nf3 a5 5. Nc3 Na6 6. O-O d6 7. d4 e6 8. b3 Bd7
9. Bb2 g6 10. Nd2 Bg7 11. e4 fxe4 12. Ndxe4 Nxe4 13. Nxe4 Qc7 14. Qd2 O-O 15.
Rad1 d5 16. Ng5 Bh6 17. h4 Rf5 18. Bh3 Bxg5 19. hxg5 Rf7 20. Rde1 Re8 21. Re5
b5 22. Rfe1 Rfe7 23. Rc1 Qb6 24. Rce1 Nc7 25. c5 Qa6 26. Qc2 Rf8 27. Bc1 Qc8
28. Bf4 Ne8 29. Qd2 Ng7 30. Qxa5 Ref7 31. Qd2 Nh5 32. Be3 Rf3 33. Bg4 R3f7 34.
Bxh5 gxh5 35. Qe2 Rf5 36. Qxh5 Be8 37. Qg4 Rxe5 38. dxe5 Bg6 39. f4 Bf5 40. Qh4
Qa6 41. g4 Be4 42. Qf2 Qa5 43. Qd2 Qxd2 44. Bxd2 Bf3 45. a4 bxa4 46. bxa4 Bxg4
47. Rb1 Bf3 48. Kf2 Be4 49. Rb6 d4 50. a5 Kf7 51. a6 Kg6 52. a7 Ra8 53. Rb7 Bd3
54. Ba5 Ba6 55. Rd7 d3 56. Bb6 Kf5 57. Ke3 Rc8 58. Rxh7 d2 59. Rf7+ Kg6 60.
Rf6+ Kg7 61. Kxd2 1-0

[Event "?"]
[Site "?"]
[Date "2011.08.13"]
[Round "3.26"]
[White "Hiendl, David"]
[Black "Lucaßen, Mickey"]
[Result "0-1"]
[WhiteElo "1442"]
[BlackElo "1850"]
[PlyCount "108"]
[EventDate "2011.??.??"]
[WhiteTeam "SF Lohmar 1974 e.V."]
[BlackTeam "SV Wesel 1928 e.V."]

1. e4 e5 2. Nf3 Nc6 3. Bc4 Bc5 4. c3 Nf6 5. d4 exd4 6. cxd4 Bb4+ 7. Nc3 d5 8.
exd5 Nxd5 9. Bxd5 Qxd5 10. O-O Bxc3 11. bxc3 O-O 12. Re1 Bg4 13. Bf4 Rac8 14.
Qe2 Na5 15. h3 Bxf3 16. Qxf3 Qxf3 17. gxf3 f6 18. Re7 Rf7 19. Rae1 Kf8 20. R7e6
Nc4 21. Kf1 Rd7 22. Ke2 c5 23. Rd1 Kf7 24. d5 Nb6 25. Rd6 Re8+ 26. Kd3 Rxd6 27.
Bxd6 Rd8 28. Bxc5 Rxd5+ 29. Bd4 Nc8 30. Re1 Rh5 31. Rh1 Ra5 32. Ra1 Nd6 33. a3
b6 34. Be3 Rf5 35. f4 Rd5+ 36. Kc2 g6 37. Rd1 Rxd1 38. Kxd1 Ke6 39. Kc2 Kd5 40.
Kd3 f5 41. f3 Nc4 42. Bc1 b5 43. h4 a6 44. Ke2 Na5 45. Kd3 Nb7 46. Be3 a5 47.
Bf2 Nc5+ 48. Kc2 Kc4 49. Be3 Na6 50. Bc1 Nc7 51. Be3 Nd5 52. Bd4 Nxf4 53. Bf6
Nd5 54. Bd4 b4 0-1

[Event "?"]
[Site "?"]
[Date "2011.08.13"]
[Round "3.30"]
[White "Steinberg, Florian"]
[Black "Mischke, Eckhard"]
[Result "0-1"]
[WhiteElo "1367"]
[BlackElo "1813"]
[PlyCount "100"]
[EventDate "2011.??.??"]
[WhiteTeam "Klub Kölner SF e.V. 1"]
[BlackTeam "Sportgemeinschaft Kaarst 1912/35"]

1. d4 Nf6 2. c4 g6 3. Nc3 Bg7 4. Nf3 d6 5. e3 O-O 6. Bd3 Nc6 7. O-O e5 8. Bc2
Bg4 9. d5 Nb4 10. Bb1 a5 11. a3 Na6 12. e4 Bd7 13. h3 h6 14. Be3 Nh5 15. Nh2
Nf4 16. Ne2 g5 17. Qd2 Qc8 18. Bc2 Kh8 19. Ng3 Bxh3 20. gxh3 Qxh3 21. Bxf4 gxf4
22. Qd3 Bf6 23. Kh1 Rg8 24. Rg1 fxg3 25. Rxg3 Rxg3 26. Qxg3 Qxg3 27. fxg3 Kg7
28. b4 b6 29. Kg2 Bg5 30. Nf3 f6 31. Kh3 Nb8 32. b5 Nd7 33. Kg4 Kg6 34. Nh4+
Bxh4 35. gxh4 Rg8 36. Kh3 Kf7 37. Rf1 Nf8 38. Rf2 Ng6 39. h5 Nf4+ 40. Kh4 Rg1
41. Rh2 Ng2+ 42. Kg3 Nf4+ 43. Kh4 Ra1 44. a4 Ra3 45. Kg4 Rc3 46. Rd2 Rxc4 47.
Kh4 Rc3 48. Rh2 Rc4 49. Rd2 Nxd5 50. Bb3 Rxe4+ 0-1

[Event "?"]
[Site "?"]
[Date "2011.08.13"]
[Round "3.31"]
[White "Winterberg, Johanna"]
[Black "Ziabari, Morteza"]
[Result "0-1"]
[WhiteElo "1130"]
[BlackElo "1808"]
[PlyCount "74"]
[EventDate "2011.??.??"]
[WhiteTeam "SG Burgtonna"]
[BlackTeam "SF Köln-Müngersdorf 1935"]

1. e4 b6 2. d4 Bb7 3. Nc3 e6 4. Nf3 Bb4 5. e5 Ne7 6. Bd2 Nbc6 7. a3 Bxc3 8.
Bxc3 Nd5 9. Bd2 d6 10. c4 Nde7 11. d5 Nxe5 12. Nxe5 dxe5 13. Bb4 a5 14. Bxe7
Qxe7 15. g3 Rd8 16. Bg2 O-O 17. Qd2 exd5 18. cxd5 e4 19. O-O Rxd5 20. Qe2 f5
21. Rfe1 Rfd8 22. f3 Rd2 23. Qe3 R8d3 24. Qf4 Qc5+ 25. Kh1 Qf2 26. Rg1 exf3 27.
h4 fxg2+ 28. Kh2 Qxf4 29. gxf4 Rxb2 30. Rad1 Rbb3 31. Rxd3 Rxd3 32. Ra1 Rf3 33.
Rd1 Rf1 34. Rd8+ Kf7 35. Rd7+ Kg6 36. Rd2 g1=Q+ 37. Kh3 Rf3# 0-1

[Event "?"]
[Site "?"]
[Date "2011.08.13"]
[Round "3.32"]
[White "Sherif, Malik"]
[Black "Lecomte, Romain"]
[Result "0-1"]
[WhiteElo "896"]
[BlackElo "1789"]
[PlyCount "92"]
[EventDate "2011.??.??"]
[WhiteTeam "SG Solingen e.V."]

1. e4 c5 2. Nf3 e6 3. Bc4 a6 4. d4 cxd4 5. Nxd4 Nf6 6. Nc3 Qc7 7. Bb3 b5 8. Qf3
Bb7 9. Qe2 b4 10. Nd1 Bxe4 11. f3 Bg6 12. c3 Bc5 13. Qc4 d5 14. Ba4+ Nbd7 15.
Qe2 O-O 16. Ne3 bxc3 17. bxc3 Bxd4 18. cxd4 Qc3+ 19. Qd2 Qxa1 20. Qb2 Qxb2 21.
Bxb2 Bd3 22. Kf2 Rab8 23. Ba3 Rfc8 24. Rd1 Bb5 25. Bc2 Ne8 26. g4 Rb6 27. h4
Nd6 28. Bxd6 Rxd6 29. a4 Bc4 30. Rc1 Rb8 31. Nxc4 dxc4 32. Ke3 Nb6 33. Rb1 Rdd8
34. a5 Nd5+ 35. Kd2 Rxb1 36. Bxb1 Rb8 37. Bc2 Rb5 38. h5 Rxa5 39. g5 Ra2 40.
Kc1 c3 41. Kb1 Nb4 42. Be4 Re2 43. Bxh7+ Kxh7 44. g6+ fxg6 45. hxg6+ Kxg6 46.
Kc1 Re1# 0-1

[Event "?"]
[Site "?"]
[Date "2011.08.13"]
[Round "3.34"]
[White "Armbrust, Matthias"]
[Black "Halle, Julia"]
[Result "1-0"]
[WhiteElo "1768"]
[BlackElo "1206"]
[PlyCount "87"]
[EventDate "2011.??.??"]
[WhiteTeam "SC Lerchenberg/ZMO"]
[BlackTeam "SG Burgtonna"]

1. e4 d6 2. Nc3 g6 3. g3 Bg7 4. Bg2 Nf6 5. d3 c5 6. f4 Nc6 7. Nf3 Bg4 8. h3 Bd7
9. O-O O-O 10. g4 a6 11. Be3 b5 12. e5 Ne8 13. d4 cxd4 14. Nxd4 Rc8 15. e6 fxe6
16. Bxc6 Bxd4 17. Qxd4 Bxc6 18. Rae1 Nf6 19. Bd2 Qd7 20. a3 Nd5 21. Ne4 Bb7 22.
Qd3 Qc6 23. c3 Nf6 24. Nxf6+ exf6 25. Qg3 e5 26. h4 Rce8 27. f5 Kg7 28. Re2 Re7
29. Rh2 e4 30. g5 Qc5+ 31. Be3 Qe5 32. gxf6+ Qxf6 33. Bd4 Re5 34. Bxe5 Qxe5 35.
Qxe5+ dxe5 36. fxg6 hxg6 37. Rxf8 Kxf8 38. h5 gxh5 39. Rxh5 Kf7 40. Rh7+ Kf6
41. Rxb7 e3 42. Kf1 Kf5 43. Ke2 Kf4 44. Rb6 1-0

[Event "?"]
[Site "?"]
[Date "2011.08.13"]
[Round "3.36"]
[White "Andrijenko, Anatoliy"]
[Black "Hingst, Dieter Max Otto"]
[Result "1-0"]
[WhiteElo "1742"]
[BlackElo "942"]
[PlyCount "81"]
[EventDate "2011.??.??"]
[WhiteTeam "SF Köln-Longerich 195"]
[BlackTeam "Brühler SK 1920 e.V."]

1. e4 e5 2. Nf3 Nc6 3. Bb5 d6 4. d4 a6 5. Bxc6+ bxc6 6. dxe5 dxe5 7. Qxd8+ Kxd8
8. Nxe5 Be6 9. Nxc6+ Kc8 10. O-O Ne7 11. Nd4 c5 12. Nxe6 fxe6 13. Be3 Nc6 14.
c3 Be7 15. Nd2 g5 16. Nb3 h5 17. Nxc5 Bxc5 18. Bxc5 g4 19. Rad1 e5 20. Rd6 Na5
21. Bb6 Nb7 22. Rc6+ Kd7 23. Rc7+ Ke6 24. Rxb7 Rab8 25. Rxb8 Rxb8 26. Bc5 Rxb2
27. Ra1 Rc2 28. Bb4 Re2 29. f3 gxf3 30. gxf3 h4 31. h3 Re3 32. Kf2 Rd3 33. Ke2
Rd7 34. Rd1 Rxd1 35. Kxd1 Kf6 36. c4 Kg5 37. Bd2+ Kf6 38. f4 a5 39. Bc3 Kg6 40.
Bxe5 Kh5 41. a4 1-0

[Event "?"]
[Site "?"]
[Date "2011.08.13"]
[Round "3.37"]
[White "Schüller, Tobias"]
[Black "Sewald, Kathrin"]
[Result "1-0"]
[WhiteElo "1852"]
[BlackElo "847"]
[PlyCount "33"]
[EventDate "2011.??.??"]
[WhiteTeam "Eschweiler SC 1921 e.V."]
[BlackTeam "SG Porz e.V."]

1. a4 e5 2. Nf3 Nc6 3. d4 exd4 4. Nxd4 Bc5 5. Nb3 Bd6 6. Nc3 Nf6 7. Bg5 O-O 8.
e3 Be7 9. Be2 Ne8 10. Bxe7 Qxe7 11. O-O Nf6 12. Nd4 Nxd4 13. Qxd4 c5 14. Qd2
Rd8 15. Bf3 Qe6 16. Rfd1 b6 17. Bxa8 1-0

[Event "?"]
[Site "?"]
[Date "2011.08.13"]
[Round "3.38"]
[White "Faust, Maikel"]
[Black "Viganske, Christian"]
[Result "1/2-1/2"]
[WhiteElo "1661"]
[BlackElo "1893"]
[PlyCount "33"]
[EventDate "2011.??.??"]
[WhiteTeam "SG Porz e.V."]
[BlackTeam "SK Turm Euskirchen 65"]

1. d4 f5 2. Nf3 Nf6 3. Bg5 g6 4. c4 Bg7 5. Nc3 O-O 6. Qd2 Ne4 7. Qc2 Nxg5 8.
Nxg5 Bxd4 9. e3 Bg7 10. f4 e5 11. O-O-O d6 12. c5 Bf6 13. cxd6 exf4 14. Bc4+
Kg7 15. Ne6+ Bxe6 16. Bxe6 c6 17. exf4 1/2-1/2

[Event "?"]
[Site "?"]
[Date "2011.08.13"]
[Round "3.39"]
[White "Kirste, Ansgar"]
[Black "Pister, Gottlieb"]
[Result "0-1"]
[WhiteElo "1573"]
[BlackElo "1833"]
[PlyCount "88"]
[EventDate "2011.??.??"]
[WhiteTeam "SV Erftstadt e.V."]
[BlackTeam "SF Köln-Longerich 195"]

1. d4 d5 2. c4 e6 3. Nc3 Nf6 4. cxd5 exd5 5. Bg5 c6 6. e3 Bd6 7. Qc2 h6 8. Bxf6
Qxf6 9. Nf3 Bf5 10. Bd3 Bxd3 11. Qxd3 Nd7 12. O-O O-O 13. Rac1 Rfe8 14. a3 Re6
15. b4 Rae8 16. Na4 h5 17. Nc5 Nxc5 18. bxc5 Bc7 19. h4 Re4 20. Rb1 b6 21. cxb6
axb6 22. Rfc1 g5 23. hxg5 Qg6 24. Rb2 h4 25. Rbc2 R8e6 26. Nd2 Qxg5 27. Nxe4
dxe4 28. Qf1 c5 29. dxc5 Qe5 30. g3 Rg6 31. cxb6 Bxb6 32. Kh1 hxg3 33. fxg3
Bxe3 34. Qh3 Rh6 35. Rc8+ Kg7 36. Qxh6+ Bxh6 37. Rg1 Qh5+ 38. Kg2 Qf3+ 39. Kh2
Be3 40. Rh1 Qf2+ 41. Kh3 Qf5+ 42. Kg2 Qxc8 43. Re1 Qc2+ 44. Kf1 Qf2# 0-1

[Event "?"]
[Site "?"]
[Date "2011.08.13"]
[Round "3.40"]
[White "Kuhn, Andreas"]
[Black "Sloka, Andreas"]
[Result "1-0"]
[WhiteElo "1785"]
[BlackElo "1523"]
[PlyCount "55"]
[EventDate "2011.??.??"]
[WhiteTeam "SG Niederkassel"]
[BlackTeam "Krefelder SK Turm 1851 e"]

1. c4 e5 2. g3 c5 3. Bg2 g6 4. Nc3 Ne7 5. d3 Bg7 6. h4 O-O 7. h5 Nbc6 8. hxg6
fxg6 9. Bh6 Bxh6 10. Rxh6 Nd4 11. Qd2 d6 12. e3 Nef5 13. Rh2 Nc6 14. Bd5+ Kh8
15. Nf3 Ng7 16. O-O-O Nb4 17. Rdh1 Nxd5 18. Rxh7+ Kg8 19. Rh8+ Kf7 20. Rxf8+
Qxf8 21. Nxd5 Ke8 22. Ng5 Bg4 23. Nc7+ Kd7 24. Nxa8 Qxa8 25. f3 Qd8 26. e4 Be6
27. Rh7 Qg8 28. Qh2 1-0

[Event "?"]
[Site "?"]
[Date "2011.08.13"]
[Round "3.41"]
[White "Goujov, Alexander"]
[Black "Hübben, Dominik"]
[Result "0-1"]
[WhiteElo "1470"]
[BlackElo "1779"]
[PlyCount "62"]
[EventDate "2011.??.??"]
[WhiteTeam "Rheydter SV 1920"]
[BlackTeam "Eschweiler SC 1921 e.V."]

1. d4 Nf6 2. c4 e5 3. dxe5 Ng4 4. Nf3 Bc5 5. e3 Nc6 6. Qd5 Qe7 7. a3 Ngxe5 8.
b4 Nxf3+ 9. gxf3 Bd4 10. Ra2 Bf6 11. Bh3 O-O 12. Bb2 Ne5 13. c5 Re8 14. Nd2 Bh4
15. Bxe5 Qxe5 16. Qxe5 Rxe5 17. Nc4 Re7 18. Ke2 b6 19. Rd2 bxc5 20. bxc5 Ba6
21. Rc1 Re5 22. Rxd7 Rxc5 23. Kd3 Bxf2 24. Kd4 Rh5 25. Bg4 c5+ 26. Kc3 Rxh2 27.
Rcd1 g6 28. Ne5 Bxe3 29. Nxf7 Bd4+ 30. R7xd4 cxd4+ 31. Kb3 Rb8+ 0-1

[Event "?"]
[Site "?"]
[Date "2011.08.13"]
[Round "3.42"]
[White "Schröter, Sophie"]
[Black "Stelzer, Wolfgang"]
[Result "0-1"]
[WhiteElo "1056"]
[BlackElo "1771"]
[PlyCount "116"]
[EventDate "2011.??.??"]
[WhiteTeam "SG Porz e.V."]
[BlackTeam "SC Wittlich 1947"]

1. e4 c5 2. Nc3 Nc6 3. Nf3 d6 4. Bb5 Bd7 5. O-O e6 6. d3 Be7 7. Bxc6 Bxc6 8. e5
d5 9. d4 Qb6 10. Be3 Qxb2 11. Qd2 c4 12. Rab1 Qa3 13. Nb5 Bxb5 14. Rxb5 b6 15.
Rbb1 Bd8 16. c3 h6 17. Qc2 Ne7 18. Rb4 Qa6 19. Qa4+ Qxa4 20. Rxa4 Nc6 21. h3
O-O 22. Bc1 Be7 23. Ba3 Bxa3 24. Rxa3 a5 25. Rb1 Rfb8 26. Nd2 b5 27. g3 b4 28.
cxb4 axb4 29. Rxa8 Rxa8 30. Ra1 Nxd4 31. Rb1 Nc6 32. Ra1 Nxe5 33. f4 Nd3 34.
Nf3 b3 35. Rd1 b2 36. Rb1 c3 37. Nd4 Rxa2 38. Kg2 Ra1 39. Ne2 c2 40. Rxb2 Nxb2
41. Kf3 Nd3 42. Ke3 Re1 43. Kd2 Rxe2+ 44. Kxe2 c1=Q 45. Kxd3 f6 46. Kd4 Qc2 47.
g4 Kf7 48. f5 Qc4+ 49. Ke3 e5 50. h4 Qc2 51. h5 d4+ 52. Kf3 e4+ 53. Kg3 Qe2 54.
Kh3 d3 55. Kg3 d2 56. Kh3 Qf3+ 57. Kh4 d1=B 58. g5 Qg4# 0-1

[Event "?"]
[Site "?"]
[Date "2011.08.13"]
[Round "3.43"]
[White "Wilde, Christian"]
[Black "Dabringhaus, Christian"]
[Result "0-1"]
[WhiteElo "1007"]
[BlackElo "1691"]
[PlyCount "52"]
[EventDate "2011.??.??"]
[WhiteTeam "SF Köln-Longerich 195"]
[BlackTeam "Klub Kölner SF e.V. 1"]

1. d4 Nf6 2. c4 g6 3. Nc3 Bg7 4. d5 O-O 5. e4 d6 6. f3 e5 7. Bd3 Nh5 8. Be3 a5
9. Nge2 f5 10. exf5 gxf5 11. f4 e4 12. Bc2 b6 13. Ng3 Nf6 14. h3 Na6 15. a3 Nc5
16. Na4 Bd7 17. Nxc5 bxc5 18. Rb1 Qe8 19. a4 Qg6 20. Bf2 e3 21. Qd3 exf2+ 22.
Kxf2 Ne4+ 23. Nxe4 fxe4 24. Qe3 Bd4 25. Bxe4 Bxe3+ 26. Kxe3 Rae8 0-1

[Event "?"]
[Site "?"]
[Date "2011.08.13"]
[Round "3.44"]
[White "Meyer, Stefan"]
[Black "Kenen, Albert"]
[Result "1-0"]
[WhiteElo "1673"]
[BlackElo "1452"]
[PlyCount "65"]
[EventDate "2011.??.??"]
[WhiteTeam "SV Grevenbroich 1953"]
[BlackTeam "SF Köln-Longerich 195"]

1. d4 Nf6 2. c4 g6 3. Nc3 Bg7 4. e4 d6 5. Bd3 a6 6. Nge2 O-O 7. O-O c6 8. f4 b5
9. cxb5 axb5 10. Ng3 b4 11. Nce2 c5 12. e5 dxe5 13. dxe5 Nd5 14. Ne4 Qb6 15.
Bc4 Rd8 16. Bxd5 e6 17. Bxa8 Rxd1 18. Rxd1 Ba6 19. N2g3 c4+ 20. Kh1 Qa7 21.
Rd8+ Bf8 22. Nf6+ Kg7 23. Bf3 Qf2 24. Bd2 Nc6 25. Bxc6 Qc5 26. Bf3 c3 27. bxc3
bxc3 28. Nge4 Qa5 29. Rxf8 Kxf8 30. Bxc3 Qb5 31. Rd1 Qc4 32. Rd8+ Ke7 33. Re8#
1-0